| 000 | 00000nam##2200000za#4500 |
| 001 | 9.611985 |
| 003 | CaOODSP |
| 005 | 20220111083419 |
| 007 | ta |
| 008 | 150406|1995||||xxc||||| f|0| 0 eng|d |
| 020 | |a0-662-23238-0 |
| 022 | |a1713-0638 |
| 040 | |aCaOODSP|beng |
| 043 | |an-cn--- |
| 086 | 1 |aNE22-1/1995-4E |
| 110 | 1 |aCanada. |bNational Energy Board. |
| 245 | 10|aIn the matter of Westcoast Energy Inc. : |bapplication dated 21 October 1994, as amended, for new tolls effective 1 January, 1995 |
| 260 | |aCalgary - Alberta : |bNational Energy Board |cJune, 1995. |
| 300 | |aviii, 48p. : |bfig., tables ; |c28 cm. |
| 490 | 1 |aReasons for decision|x1713-0638 |
| 563 | |aSoftcover |
| 590 | |a95-30|b1995-07-28 |
| 775 | 08|tRelativement à Westcoast Energy Inc. : |w(CaOODSP)9.623208 |
| 776 | 0#|tReasons for decision in the matter of Westcoast Energy Inc. : |w(CaOODSP)9.572469 |
| 830 | #0|aReasons for decision (Canada. National Energy Board)|x1713-0638|w(CaOODSP)9.514808 |
| 986 | |aRH-5-94 |